• 首页
  • 本馆介绍
  • 公告通知
  • 最新文献
  • 馆藏检索
  • 电子资源
  • 读者导购
  • 参考咨询
  • 我的图书馆
  • 登录
  • 详细信息显示
  • 放入我的书架
  • 预约/预借图书
  • 作者相关作品
  • 分类相关作品
  • 丛书相关作品
  • 出版社相关作品

书目信息

  • 表格格式
  • 工作单格式
  • 卡片格式
题名:
朱光潜美学论纲
    
 
作者: 劳承万 著
分册:  
出版信息: 合肥   安徽教育出版社  1998
页数: 344页
开本: 20cm
丛书名:
单 册:
中图分类: B83-092 , B83
科图分类: 18.042
主题词: 美学思想 , 美学
电子资源:
ISBN: 7-5336-2180-8
000 00721nam0 2200277 450
001 1259176250
005 20120927163026.54
010    @a7-5336-2180-8@dCNY14.80
100    @a20021005d1998 kemy0chiy0110 ea
101 0  @achi
102    @aCN@b340000
105    @ay z 000yy
106    @ar
200 1  @a朱光潜美学论纲@Azhu guang qian mei xue lun gang@f劳承万著
210    @a合肥@c安徽教育出版社@d1998
215    @a344页@d20cm
600  0 @a朱光潜@x美学思想@x研究
600  0 @a朱光潜
606 0  @a美学思想
606 0  @a美学
690    @aB83-092@v3
690    @aB83@v4
692    @a18.042@v2
701  0 @a劳承万@Alao cheng wan@4著
801  0 @aCN@bNLC@c19990213
905    @a10447@dB83@eJY13
    
    朱光潜美学论纲/劳承万著 .-合肥:安徽教育出版社,1998
    344页;20cm
    
    
    ISBN 7-5336-2180-8:CNY14.80
    
●
相关链接 在E读中查询图书 在五车中查询图书 在当当中查询图书 在豆瓣中查询图书


正题名:朱光潜美学论纲     索取号:B83/JY13         预约/预借

序号 登录号 条形码 馆藏地/架位号 状态 备注
1 7829980   278299805   学院路分馆/ [索取号:B83/JY13] 在馆    
2 7829981   278299814   学院路分馆/ [索取号:B83/JY13] 在馆    
唐山师范学院图书馆 欢迎您!
大连网信软件有限公司© 版权所有